Karlsruher SC Rekordspieler - Statistiken

Allgemein
  • Dieses Quiz wurde 15 mal gespielt
  • Das Durchschnittsergebnis liegt bei 3 aus 10
Antwortstatistiken
Spiele Nationalität Spieler % Korrekt
278 Jamaika Daniel Gordon
64%
358 Deutschland Gunther Metz
29%
301 Deutschland Lars Schmidt
29%
394 Deutschland Michael Harforth
29%
269 Deutschland Burkhard Reich
21%
341 Deutschland Emanuel Günther
21%
277 Deutschland Rainer Schütterle
21%
329 Deutschland Rudolf Wimmer
21%
278 Kroatien Srecko Bogdan
14%
281 Deutschland Wilfried Trenkel
7%
Keine übereinstimmenden Quizze gefunden
Verteilung der Resultate
Anzahl Personen mit jedem Resultat
Perzentil nach korrekt beantworteten Fragen
Ihre Resultats-Entwicklung
Sie haben dieses Quiz noch nicht gespielt